Delay claims management in construction - a step-by-step approach (Record no. 60789)
[ view plain ]
| 000 -LEADER | |
|---|---|
| fixed length control field | 00901cam a2200229 4500 |
| 001 - CONTROL NUMBER | |
| control field | ABS61479 |
| 008 - FIXED-LENGTH DATA ELEMENTS--GENERAL INFORMATION | |
| fixed length control field | 000000n1999 000 0 eng u |
| 035 ## - SYSTEM CONTROL NUMBER | |
| System control number | (Sirsi) u101661 |
| 100 ## - MAIN ENTRY--PERSONAL NAME | |
| Personal name | Baki, M. A. |
| 245 ## - TITLE STATEMENT | |
| Title | Delay claims management in construction - a step-by-step approach |
| 260 ## - PUBLICATION, DISTRIBUTION, ETC. | |
| Date of publication, distribution, etc. | 1999 |
| 490 ## - SERIES STATEMENT | |
| Series statement | Cost Engineering |
| Volume/sequential designation | 41(10) October 1999, 36-38(3) |
| 520 ## - SUMMARY, ETC. | |
| Summary, etc. | Stresses the importance of having a delay claims management programme in place, covering the three scenarios of claims prevention, preparation and defence. Discusses ways of analysing a construction claim, and includes recommended reading. |
| 590 ## - LOCAL NOTE (RLIN) | |
| Local note | ABS |
| 650 ## - SUBJECT ADDED ENTRY--TOPICAL TERM | |
| Topical term or geographic name entry element | CONSTRUCTION CLAIMS |
| 650 ## - SUBJECT ADDED ENTRY--TOPICAL TERM | |
| Topical term or geographic name entry element | BUILT ENVIRONMENT-BUILDING CONTRACT FORMS |
| 650 ## - SUBJECT ADDED ENTRY--TOPICAL TERM | |
| Topical term or geographic name entry element | Project management |
| 9 (RLIN) | 6261 |
| 650 ## - SUBJECT ADDED ENTRY--TOPICAL TERM | |
| Topical term or geographic name entry element | CLAIMS MANAGEMENT |
| 650 ## - SUBJECT ADDED ENTRY--TOPICAL TERM | |
| Topical term or geographic name entry element | DELAYS |
| 690 ## - LOCAL SUBJECT ADDED ENTRY--TOPICAL TERM (OCLC, RLIN) | |
| Topical term or geographic name as entry element | BUILT ENVIRONMENT-BUILDING CONTRACT FORMS |
| 942 ## - ADDED ENTRY ELEMENTS (KOHA) | |
| Suppress in OPAC | 0 |
| Withdrawn status | Lost status | Source of classification or shelving scheme | Damaged status | Not for loan | Home library | Current library | Shelving location | Date acquired | Total Checkouts | Full call number | Barcode | Date last seen | Copy number | Price effective from | Koha item type |
|---|---|---|---|---|---|---|---|---|---|---|---|---|---|---|---|
| Dewey Decimal Classification | London | London | Journal article | 09/11/1999 | ABS61479 | 101661-1001 | 06/08/2019 | 1 | 06/08/2019 | Journal article |